| 000 | 00694nam a2200193 i 4500 | ||
|---|---|---|---|
| 001 | 21469 | ||
| 003 | ES-MaACL | ||
| 005 | 20241026200702.0 | ||
| 007 | t| | ||
| 008 | 021125s1913 sp ||||1| spa d | ||
| 100 | 1 |
_aAlcalá Zamora, Niceto, _d1877-1949 _919473 |
|
| 245 | 1 | 0 |
_aDiscurso en honor a la Memoria de Segismundo Moret en la velada necrológica organizada por el Centro escolar gaditano el 19 de febrero de 1913 / _cNiceto Alcalá-Zamora y Torres. |
| 260 |
_aMadrid : _b[s.n.], _c1913. |
||
| 600 | 1 | 7 |
_aMoret, Segismundo, _d1833-1913 _2embne _9162747 |
| 710 | 2 |
_aCentro escolar gaditano. _92728 |
|
| 852 |
_aES-MaACL _jT-1341-F-6 |
||
| 942 | _2udc | ||
| 999 |
_c21469 _d21469 |
||